| Tag |
First Indicator |
Second Indicator |
Subfields |
| LEADER |
00000cam a2200000 a 4500 |
| 001 |
in00001991913 |
| 005 |
20151031111144.0 |
| 008 |
020502s2003 mnuab c b 001 0beng |
| 010 |
|
|
|a 2002006815
|
| 020 |
|
|
|a 157505177X (lib. bdg. : alk. paper)
|
| 035 |
|
|
|a (OCoLC)ocm49795348
|
| 040 |
|
|
|a DLC
|c DLC
|d UtOrBLW
|
| 042 |
|
|
|a lcac
|
| 043 |
|
|
|a n-us---
|a n-cn---
|
| 049 |
|
|
|a TXAM
|
| 050 |
0 |
0 |
|a E185.97.C32
|b F47 2003
|
| 082 |
0 |
0 |
|a 305.48/896073/0092
|a B
|2 21
|
| 100 |
1 |
|
|a Ferris, Jeri.
|
| 245 |
1 |
0 |
|a Demanding justice :
|b a story about Mary Ann Shadd Cary /
|c by Jeri Chase Ferris ; illustrated by Kimanne Smith.
|
| 264 |
|
1 |
|a Minneapolis :
|b Carolrhoda Books,
|c [2003]
|
| 264 |
|
4 |
|c ©2003
|
| 300 |
|
|
|a 64 pages :
|b illustrations, map ;
|c 23 cm.
|
| 336 |
|
|
|a text
|b txt
|2 rdacontent
|
| 337 |
|
|
|a unmediated
|b n
|2 rdamedia
|
| 338 |
|
|
|a volume
|b nc
|2 rdacarrier
|
| 490 |
1 |
|
|a A creative minds biography
|
| 520 |
|
|
|a Describes the life of Mary Ann Shadd Cary, nineteenth-century educator, writer, newspaper editor, and civil rights worker who was the first African-American woman to enter law school or to publish a newspaper.
|
| 504 |
|
|
|a Includes bibliographical references (pages 61-62) and index.
|
| 505 |
0 |
|
|a Growing up -- Saying what she thinks -- Canada -- A terrible year -- A newspaper of her own -- Change and more change -- A new life.
|
| 586 |
|
|
|a Notable Social Studies Trade Books for Young People, 2004.
|
| 600 |
1 |
0 |
|a Cary, Mary Ann Shadd,
|d 1823-1893
|v Juvenile literature.
|
| 650 |
|
0 |
|a African American women civil rights workers
|v Biography
|v Juvenile literature.
|
| 650 |
|
0 |
|a Civil rights workers
|z United States
|v Biography
|v Juvenile literature.
|
| 650 |
|
0 |
|a African Americans
|x Civil rights
|x History
|y 19th century
|v Juvenile literature.
|
| 650 |
|
0 |
|a Free African Americans
|v Biography
|v Juvenile literature.
|
| 650 |
|
0 |
|a Newspaper editors
|z United States
|v Biography
|v Juvenile literature.
|
| 650 |
|
0 |
|a Educators
|z Canada
|v Biography
|v Juvenile literature.
|
| 600 |
1 |
1 |
|a Cary, Mary Ann Shadd,
|d 1823-1893.
|
| 650 |
|
1 |
|a Educators.
|
| 650 |
|
1 |
|a Civil rights workers.
|
| 650 |
|
1 |
|a African Americans
|v Biography.
|
| 650 |
|
1 |
|a Women
|v Biography.
|
| 700 |
1 |
|
|a Smith, Kimanne,
|e illustrator.
|
| 830 |
|
0 |
|a Creative minds biography.
|
| 948 |
|
|
|a cataloged
|b h
|c 2004/9/7
|d c
|e cmulkey
|f 8:41:19 am
|
| 994 |
|
|
|a C0
|b TXA
|
| 999 |
|
|
|a MARS
|
| 999 |
f |
f |
|s 5b32199d-2bcb-3470-afdf-2f47151768ec
|i 669c39e5-043d-3d63-9ef5-28411446a358
|t 0
|
| 952 |
f |
f |
|p ric
|a Texas A&M University
|b Rellis Campus
|c Joint Library Facility
|d Remote Storage
|t 0
|e E185.97.C32 F47 2003
|h Library of Congress classification
|i unmediated -- volume
|m A14832250395
|
| 998 |
f |
f |
|a E185.97.C32 F47 2003
|t 0
|l Remote Storage
|